|
|
|
|
| LEADER |
00000cam a2200000 7i4500 |
| 001 |
0000002474 |
| 005 |
20030626.0 |
| 090 |
0 |
0 |
|a 634.956
|b IUFRO
|
| 110 |
1 |
0 |
|a IUFRO Planning Workshop for Asia
|k 1984
|j Kandy, Sri Lanka
|
| 245 |
1 |
0 |
|a Increasing productivity of multipurpose tree species :
|b a blueprint for action
|c compiled by Keith R. Shea and Les W. Carlson
|
| 260 |
0 |
0 |
|a Vienna, Austria :
|b International Union of Forestry Research Organizations ,
|c 1984
|
| 300 |
|
|
|a ix, 100 p. ;
|c 30 cm.
|
| 650 |
0 |
0 |
|a Forest productivity
|x Congresses
|
| 650 |
0 |
0 |
|a Trees
|x Congresses
|
| 700 |
0 |
1 |
|a Carlson
|h Les W.
|
| 700 |
0 |
1 |
|a Shea
|h Keith R.
|
| 710 |
1 |
1 |
|a International Union of Forestry Research Organizations (IUFRO)
|
| 998 |
|
|
|a JPSM
|
| 999 |
|
|
|a 0000003999
|b Monograph
|c Open Shelf
|e Default branch
|